Geography Quiz

Random Geography or City Quiz

All Large Cities in Germany Quiz Stats

 Plays Quiz not verified by Sporcle

Challenge
Share
Tweet
Embed
Score 0/77 Timer 10:00
0 Plays Today
Rank Name % Correct
1Berlin
99.3%
2Hamburg
97.1%
3Munich
96.7%
5Frankfurt
93.8%
4Cologne
92.3%
6Stuttgart
89.8%
8Düsseldorf
89.8%
13Dresden
86.5%
12Leipzig
85%
10Bremen
84.7%
7Dortmund
83.9%
9Essen
83.9%
11Hannover
81.4%
19Bonn
77.4%
14Nuremberg
75.9%
30Kiel
72.6%
75Jena
71.4%
21Mannheim
71.2%
51Potsdam
70.1%
15Duisburg
66.4%
39Mainz
65.7%
26Aachen
64.6%
38Rostock
64.6%
34Freiburg (Breisgau)
63.9%
24Augsburg
62%
17Wuppertal
60.2%
22Wiesbaden
59.1%
16Bochum
58.4%
18Bielefeld
58%
60Ulm
56.9%
25Gelsenkirchen
55.5%
20Karlsruhe
55.1%
37Erfurt
54.7%
33Magdeburg
54%
36Lübeck
54%
76Kaiserslautern
53.6%
29Chemnitz
52.9%
53Heidelberg (Neckar)
51.8%
23Münster
51.1%
Rank Name % Correct
40Kassel
50.7%
56Regensburg
49.6%
67Bremerhaven
49.6%
62Wolfsburg
49.3%
75Bergisch Gladbach
47.8%
72Koblenz
47.4%
32Halle (Saale)
46.4%
28Brunswick
44.9%
57Würzburg
44.9%
27Mönchengladbach
43.4%
55Darmstadt
43.1%
58Ingolstadt
42.7%
47Osnabrück
42.3%
46Ludwigshafen (Rhine)
40.5%
49Leverkusen
39.4%
50Oldenburg
39.1%
54Paderborn
38%
35Oberhausen
37.6%
68Fürth
36.9%
61Göttingen
36.5%
42Hamm
34.3%
43Sarrebruck
32.5%
41Hagen
32.1%
31Krefeld
31%
74Erlangen
30.7%
65Offenbach (Main)
29.9%
48Solingen
28.1%
59Heilbronn
28.1%
63Recklinghausen
27.4%
64Pforzheim
27.4%
52Neuss
25.2%
70Reutlingen
24.5%
44Mülheim (Ruhr)
23.7%
66Bottrop
23.4%
45Herne
22.6%
73Trier
20.8%
69Remscheid
19.3%
71Moers
16.8%

You're not logged in!

Compare scores with friends on all Sporcle quizzes.
Join for Free
OR
Log In

You Might Also Like...

Show Comments

Extras

Created Nov 1, 2010ReportNominate
Tags:City Quiz, Germany, large

Top Quizzes Today


Score Distribution

Your Account Isn't Verified!

In order to create a playlist on Sporcle, you need to verify the email address you used during registration. Go to your Sporcle Settings to finish the process.

Report this User

Report this user for behavior that violates our Community Guidelines.

Details: